Killer presentations with your iPad : (Record no. 82998)

MARC details
000 -LEADER
fixed length control field 02007nam a22002537a 4500
010 ## - LCCN (DPL NO)
LC control number ENG-109551
020 ## - INTERNATIONAL STANDARD BOOK NUMBER
Terms of availability 525.00
International Standard Book Number 9789351344841
020 ## - INTERNATIONAL STANDARD BOOK NUMBER
Terms of availability 525.00
International Standard Book Number 9351344843
035 ## - SYSTEM CONTROL NUMBER
System control number EN-93084
037 ## - SOURCE OF ACQUISITION
Source of stock number/acquisition DBAD/PUB
082 ## - DEWEY DECIMAL CLASSIFICATION NUMBER
Classification number 658.4520285
100 ## - MAIN ENTRY--PERSONAL NAME
Personal name Anthony, Ray
245 00 - TITLE STATEMENT
Title Killer presentations with your iPad :
Statement of responsibility, etc by Ray Anthony, Bob Levitus [and] Barbara Boyd
Remainder of title how to engage your audience and win more business with the world's greatest gadget /
260 ## - PUBLICATION, DISTRIBUTION, ETC. (IMPRINT)
Place of publication, distribution, etc New Delhi
Name of publisher, distributor, etc McGraw Hill Education
Date of publication, distribution, etc 2014
270 ## - ADDRESS
Address P-24, Green Park Extn.
City New Delhi
Postal code 110016
300 ## - PHYSICAL DESCRIPTION
Extent xviii,248p. :
Dimensions 24cm(pbk)
Other physical details ill.
500 ## - GENERAL NOTE
General note Includes index
520 ## - SUMMARY, ETC.
Summary, etc "Create innovative presentations with the world’s greatest communication tool. Killer Presentations with Your iPad enables presenters of all levels to ditch their tired old slides and bullet points and, instead, reimagine and reinvent their presentations with stunning results. The authors describe how to engage audiences with compelling videos, real-time data, specific apps and hardware, and they explain how to leverage presentation skills to this new, exciting format. The book includes a breakthrough model called P-XL2 (superscript) of Technology, Strategy, Creativity, and Psychology that will give your presentation an enormous winning advantage. It also includes a comprehensive resource section along with valuable examples, case studies, scripts, and checklists.Ray Anthony is the author of six business books and has taught presentations skills to thousands of people over his 25 years as a corporate trainer, executive coach and mentor, garnering rave reviews. Bob LeVitus has been considered one of the world’s leading authorities on the Macintosh and Mac OS for over 25 years"-- |c Provided by publisher.
650 ## - SUBJECT ADDED ENTRY--TOPICAL TERM
Topical term or geographic name as entry element Business presentations.
650 ## - SUBJECT ADDED ENTRY--TOPICAL TERM
Topical term or geographic name as entry element iPad (Computer)
Form subdivision Handbooks, manuals, etc.
700 ## - ADDED ENTRY--PERSONAL NAME
Personal name Levitus, Bob
700 ## - ADDED ENTRY--PERSONAL NAME
Personal name Boyd, Barbara
942 ## - ADDED ENTRY ELEMENTS (KOHA)
Source of classification or shelving scheme Dewey Decimal Classification
Item type English Books
Call number suffix ANT
Classification part 658.4520285
Holdings
Withdrawn status Lost status Not for loan Collection code Home library Current library Date acquired Source of acquisition Cost, normal purchase price Full call number Barcode Copy number Cost, replacement price Koha item type
    Not For Loan Non-fiction D.B.Act.Division D.B.Act.Division 13/03/2014 DBAD/PUB 525.00 658.4520285 ANT EN-93084 1 525.00 English Books

© Delhi Public Library
Hit Counter
free hit counter